Gobierno formal Gobierno real: ¿qué movimiento social frente a esta contradicción? /
Enregistré dans:
| Auteur principal: | |
|---|---|
| Format: | Texte |
| Tags: |
Ajouter un tag
Pas de tags, Soyez le premier à ajouter un tag!
|
MARC
| LEADER | 00000 a a2200000 04500 | ||
|---|---|---|---|
| 001 | 7211 | ||
| 003 | |||
| 040 | |||
| 100 | |a Moreno, Ismael | ||
| 245 | |a Gobierno formal Gobierno real: |b ¿qué movimiento social frente a esta contradicción? / |c Ismael Moreno | ||
| 773 | |g volumen 6, número 17; páginas 16-21 | ||
| 999 | |c 30225 |d 30225 | ||
